00426nam a2200145 a 4500008004100000020001500041050001800056100002400074245004600098260004100144300002000185350000900205650003400214650003200248120416s1982 ||||||||||||||||| || u a0471861383 aTA 658.44 Arn aArnold, Christopher10aBuilding configuration and seismic design aNew York:bJohn Wiley and Sonsc1982 axii, 296 : ill. a0.00 aBUILDINGS--EARTHQUAKE EFFECTS aEARTHQUAKE RESISTANT DESIGN